000 00899nam a2200277Ia 4500
003 GCL
008 140319s9999 xx 000 0 ara d
020 _a4014009957
040 _aGCL /
_cGCL
082 0 4 _a612
_bع ف
100 1 _aعايدة عبدالهادى
245 1 0 _aفسيولوجيا جسم الانسان /
_cعايدة عبدالهادى
250 _aالاولى
260 _aالاردن :
_bدار الشروق ،
_c2001
300 _a680 ص ؛
_c24 سم
650 0 4 _aجسم الانسان
650 0 4 _aالجهاز العصبى
650 0 4 _aالجهاز التناسلى
650 0 4 _aالجهاز الهضمى
650 0 4 _aالجهاز التنفسى
650 0 4 _aالجهاز الدورى
650 0 4 _aالانسجة الحيوانية
650 0 4 _aالجهاز الليمفاوى
650 0 4 _aالتوازن الفسيولوجى
942 _2ddc
_cBK
999 _c10117
_d10117